An exile's return /

sin resumen

Wedi'i Gadw mewn:
Manylion Llyfryddiaeth
Prif Awdur: Argueta, Manlio
Fformat: Texto
Pynciau:
Tagiau: Ychwanegu Tag
Dim Tagiau, Byddwch y cyntaf i dagio'r cofnod hwn!

MARC

LEADER 00000 a a2200000 04500
001 9909
003
040
100 |a Argueta, Manlio  
245 |a An exile's return /  |c Manlio Argueta 
520 |a sin resumen  
650 |a REFUGIADOS  
650 |a MIGRACIONES  
773 |g volumen 26, número 5; páginas 4-6  
999 |c 23309  |d 23309 
773 0 |0 43153  |9 9058  |a North American Congress on Latin America (NACLA)  |d Nueva York: North American Congress on Latin America (NACLA), 1967-  |o 00601  |t NACLA: